000
00305nam a22001337a 4500
008
170227b xxu||||| |||| 00| 0 eng d
020
_a
088167818X
041
_a
eng
080
_2
2ND
_a
617
100
_a
5
101
_a
SHK
245
_a
SURGICAL PATHOLOGY OF THE MEDIASTINUM
_c
KANEKO, M
942
_2
udc
_c
BK
999
_c
6278
_d
6278